[Event "WJCC U20 Girls 2019"]
[Site "New Delhi"]
[Date "2019.10.18"]
[Round "5.1"]
[White "Assaubayeva, Bibisara"]
[Black "Altantuya, Boldbaatar"]
[Result "1/2-1/2"]
[WhiteElo "2381"]
[BlackElo "2277"]
[Annotator "NA"]
[PlyCount "169"]
[EventDate "2019.10.15"]
[EventType "swiss"]
[EventCountry "IND"]
[SourceTitle "playchess.com"]
[Source "ChessBase"]
[SourceQuality "1"]
[TimeControl "40/5400+30:1800+30"]

1. d4 {[%emt 0:00:00]} Nf6 {[%emt 0:00:00]} 2. c4 {[%emt 0:00:14]} e6 {[%emt 0:00:00]} 3. Nf3 {[%emt 0:00:06]} b6 {[%emt 0:00:18]} 4. g3 {[%emt 0:00:19]} Bb7 {[%emt 0:00:26]} 5. Bg2 {[%emt 0:00:13]} Be7 {[%emt 0:00:33]} 6. O-O {[%emt 0:00:12]} O-O {[%emt 0:00:12]} 7. Nc3 {[%emt 0:00:29]} Ne4 {[%emt 0:00:26]} 8. Bd2 {[%emt 0:00:18]} d5 {[%emt 0:02:06]} 9. cxd5 {[%emt 0:04:17]} exd5 {[%emt 0:00:30]} 10. Rc1 {[%emt 0:01:39]} Nd7 {[%emt 0:01:44]} 11. Bf4 {[%emt 0:05:31]} c5 {[%emt 0:03:01]} 12. dxc5 {[%emt 0:03:55]} Nxc3 {[%emt 0:01:05]} 13. Rxc3 {[%emt 0:03:59]} bxc5 {[%emt 0:00:12]} 14. Ne1 {[%emt 0:07:55]} Nb6 {[%emt 0:09:29]} 15. Rd3 $15 {[%emt 0:06:10]} Qc8 {[%emt 0:07:00]} 16. Nc2 {[%emt 0:05:02]} d4 {[%emt 0:04:29]} 17. Bxb7 {[%emt 0:08:16]} Qxb7 {[%emt 0:00:03]} 18. Bc1 {[%emt 0:05:02]} a5 {[%emt 0:08:56]} 19. e3 {[%emt 0:02:59]} dxe3 {[%emt 0:02:07]} 20. Nxe3 {[%emt 0:01:50]} Rfd8 {[%emt 0:09:59]} 21. Re1 {[%emt 0:01:17]} Bf6 {[%emt 0:14:27]} 22. Nf5 {[%emt 0:01:22]} Rxd3 {[%emt 0:05:20]} 23. Qxd3 {[%emt 0:00:02]} Qd7 {[%emt 0:00:13]} 24. Qc2 {[%emt 0:05:55]} Qc6 {[%emt 0:01:52]} 25. Be3 {[%emt 0:02:48]} Nd7 {[%emt 0:03:07]} 26. Bd4 {[%emt 0:03:06]} h6 {[%emt 0:01:01]} 27. Bc3 {[%emt 0:03:26]} Kh8 {[%emt 0:03:51]} 28. Qd2 {[%emt 0:04:02]} Bxc3 {[%emt 0:04:28]} 29. bxc3 {[%emt 0:03:03]} Nf8 {[%emt 0:05:52]} 30. Nd6 {[%emt 0:03:24]} Kg8 {[%emt 0:01:01]} 31. Qf4 {[%emt 0:02:04]} Qd7 {[%emt 0:00:49]} 32. Nf5 {[%emt 0:01:24]} Ng6 {[%emt 0:00:40]} 33. Qg4 {[%emt 0:03:45]} Rd8 {[%emt 0:00:20]} 34. h4 {[%emt 0:02:21]} Qd2 {[%emt 0:02:25]} 35. Rf1 {[%emt 0:02:46]} h5 {[%emt 0:03:35]} 36. Qxh5 {[%emt 0:00:18]} Qxc3 {[%emt 0:00:07]} 37. Qg5 {[%emt 0:00:41]} Qf6 {[%emt 0:01:34]} 38. Nh6+ {[%emt 0:00:31]} Kf8 {[%emt 0:01:26]} 39. Qxc5+ {[%emt 0:00:11]} Qe7 {[%emt 0:00:27]} 40. Qxe7+ {[%emt 0:00:16]} Nxe7 {[%emt 0:00:36]} 41. Ng4 {[%emt 0:30:08]} f6 {[%emt 0:30:52]} 42. Ne3 {[%emt 0:05:56]} Rd2 {[%emt 0:01:14]} 43. Ra1 {[%emt 0:01:44]} Nc6 {[%emt 0:02:29]} 44. Rc1 {[%emt 0:02:05]} Ne5 {[%emt 0:00:00]} 45. Rc2 {[%emt 0:00:00]} Rd3 {[%emt 0:00:00]} 46. Kf1 {[%emt 0:00:00]} g6 {[%emt 0:00:00]} 47. Ke2 {[%emt 0:00:00]} Rd6 {[%emt 0:00:00]} 48. Rc5 {[%emt 0:00:00]} Nc6 {[%emt 0:00:00]} 49. Rd5 {[%emt 0:00:00]} Re6 {[%emt 0:00:00]} 50. Kd2 {[%emt 0:00:00]} Ke7 {[%emt 0:00:14]} 51. Rb5 {[%emt 0:00:00]} Re4 {[%emt 0:02:19]} 52. Nd5+ {[%emt 0:00:00]} Ke6 {[%emt 0:01:22]} 53. Nf4+ {[%emt 0:00:00]} Kf7 {[%emt 0:00:07]} 54. Rb7+ {[%emt 0:00:00]} Ne7 {[%emt 0:00:06]} 55. Kc3 {[%emt 0:00:00]} Re5 {[%emt 0:01:12]} 56. a4 {[%emt 0:00:00]} Rc5+ {[%emt 0:00:30]} 57. Kd4 {[%emt 0:00:00]} Re5 {[%emt 0:00:30]} 58. Kd3 {[%emt 0:00:00]} g5 {[%emt 0:01:26]} 59. hxg5 {[%emt 0:00:00]} Rxg5 {[%emt 0:00:43]} 60. Rb5 {[%emt 0:00:00]} Nc6 {[%emt 0:00:31]} 61. Rb7+ {[%emt 0:00:05]} Ke8 {[%emt 0:00:22]} 62. Rc7 {[%emt 0:02:23]} Ne5+ {[%emt 0:00:35]} 63. Ke4 {[%emt 0:00:10]} Nd7 {[%emt 0:00:26]} 64. Kd4 {[%emt 0:00:58]} Nb6 {[%emt 0:00:18]} 65. Rc6 {[%emt 0:01:17]} Nxa4 {[%emt 0:00:06]} 66. Rxf6 {[%emt 0:00:03]} Nb2 {[%emt 0:01:16]} 67. Ne2 {[%emt 0:03:19]} Ke7 {[%emt 0:00:30]} 68. Rb6 {[%emt 0:00:24]} Na4 {[%emt 0:00:16]} 69. Rb1 {[%emt 0:02:00]} Kd6 {[%emt 0:00:17]} 70. f4 {[%emt 0:00:48]} Rd5+ {[%emt 0:00:08]} 71. Ke3 {[%emt 0:00:30]} Nc5 {[%emt 0:00:59]} 72. Nd4 {[%emt 0:00:00]} Rh5 {[%emt 0:00:11]} 73. f5 {[%emt 0:00:45]} Rh3 {[%emt 0:00:42]} 74. Kf4 {[%emt 0:00:23]} Nd3+ {[%emt 0:00:33]} 75. Kg4 {[%emt 0:00:17]} Rh8 {[%emt 0:00:51]} 76. Rb5 {[%emt 0:02:03]} Rg8+ {[%emt 0:00:31]} 77. Kf3 {[%emt 0:00:08]} Ne5+ {[%emt 0:00:11]} 78. Kg2 {[%emt 0:00:57]} a4 {[%emt 0:00:05]} 79. Nc2 {[%emt 0:00:14]} Nc4 {[%emt 0:00:27]} 80. Nb4 {[%emt 0:00:42]} Ke7 {[%emt 0:00:02]} 81. Rc5 {[%emt 0:00:06]} Nd2 {[%emt 0:01:41]} 82. g4 {[%emt 0:01:35]} Kf6 {[%emt 0:00:18]} 83. Re5 {[%emt 0:00:17]} Kg5 {[%emt 0:00:15]} 84. Re6 {[%emt 0:01:02]} a3 {[%emt 0:01:02]} 85. Nd5 {[%emt 0:00:24]} 1/2-1/2

[Event "WJCC U20 Girls 2019"]
[Site "New Delhi"]
[Date "2019.10.18"]
[Round "5.2"]
[White "Arpita, Mukherjee"]
[Black "Rakshitta Ravi"]
[Result "1/2-1/2"]
[WhiteElo "2271"]
[BlackElo "2310"]
[Annotator "TA"]
[PlyCount "76"]
[EventDate "2019.10.15"]
[EventType "swiss"]
[EventCountry "IND"]
[SourceTitle "playchess.com"]
[Source "ChessBase"]
[SourceQuality "1"]

{[%evp 20,76,4,6,10,6,0,-16,0,0,1,0,0,0,0,-31,-13,-6,10,15,37,37,37,37,42,45,45,29,30,40,134,45,135,45,85,89,106,96,104,106,117,0,7,-55,0,-23,0,0,0,0,8,8,64,8,10,8,8,8,8]} 1. e4 e5 2. Nf3 Nc6 3. Bb5 a6 4. Ba4 Nf6 5. d3 b5 6. Bb3 Be7 7. O-O Bb7 8. a4 O-O 9. Nc3 Na5 10. axb5 Nxb3 11. cxb3 axb5 {C84: Closed Ruy Lopez: Unusual White 6th moves} 12. Rxa8 Qxa8 (12... Bxa8 13. Nxb5 c5 14. Nc3 d6 15. Bg5 Nh5 16. Bxe7 Qxe7 17. Nd2 Nf4 18. Nc4 d5 19. Nb6 {½-½ (35) Ju,W (2580)-Bartel,M (2600) Prague 2019}) 13. Nxb5 Rb8 14. Nc3 ({Much weaker is} 14. Nxc7 Qa5 $15) 14... d6 $146 ({Predecessor:} 14... d5 15. Nxe5 dxe4 16. dxe4 Nxe4 17. Nxe4 Bxe4 18. f3 Bf5 19. Re1 Bb4 20. Bd2 Rd8 21. Nc4 Qa7+ 22. Kh1 Qa2 23. Qe2 Qxb3 {1-0 (23) Jasinski,M-Sukhinina,A ICCF corr 1984}) 15. Qc2 h6 16. Re1 c5 17. Ne2 Ba6 {[%mdl 1024] Black has compensation.} 18. Be3 Qb7 19. Ra1 Qb5 20. Qc4 Rb6 21. Qxb5 Bxb5 22. Ra8+ Kh7 23. Ra7 Ng8 24. Nc1 g6 {[#]} (24... Ra6 $14 25. Rxa6 Bxa6) 25. Kf1 (25. b4 $1 $16 {[%mdl 512]}) 25... Kg7 {[#]} (25... Ra6 $14 26. Rxa6 Bxa6) 26. Nd2 (26. b4 $1 $16 {[%mdl 512]}) 26... Rb8 27. Nc4 Kf8 28. Ke2 f5 29. exf5 gxf5 30. f4 ({Better is} 30. Bd2 $16) 30... e4 $11 31. Kd2 ({White should try} 31. Ke1 $11) 31... Nf6 ({Black should play} 31... d5 $1 $15) 32. h3 Nd5 33. g4 fxg4 34. hxg4 exd3 35. Nxd3 Nf6 (35... Bxc4 $11 36. bxc4 Nf6) 36. g5 (36. f5 $1 $14) 36... hxg5 {The position is equal.} 37. fxg5 Ne4+ {[%mdl 64] Discovered Attack} 38. Kc2 {Hoping for Nf4.} Bxc4 {Accuracy: White = 49%, Black = 39%.} 1/2-1/2

[Event "WJCC U20 Girls 2019"]
[Site "New Delhi"]
[Date "2019.10.18"]
[Round "5.3"]
[White "Alinasab, Mobina"]
[Black "Priyanka Nutakki"]
[Result "1-0"]
[WhiteElo "2239"]
[BlackElo "2248"]
[Annotator "TA"]
[PlyCount "61"]
[EventDate "2019.10.15"]
[EventType "swiss"]
[EventCountry "IND"]
[SourceTitle "playchess.com"]
[Source "ChessBase"]
[SourceQuality "1"]

{[%evp 16,61,8,16,28,24,43,43,38,28,26,14,45,32,113,100,107,0,0,-17,0,0,72,41,0,0,58,35,109,92,90,-25,118,110,124,117,128,131,158,121,130,125,443,441,467,484,29989,29990]} 1. e4 e6 2. d4 d5 3. Nc3 Nf6 4. e5 Nfd7 5. f4 c5 6. Nf3 Nc6 7. Be3 Be7 8. Qd2 O-O 9. dxc5 Bxc5 {C11: French: Classical System: 4 e5 and 4 Bg5 dxe4} (9... Nxc5 10. O-O-O a6 11. h4 Qc7 12. Bd3 Nb4 13. Kb1 Nbxd3 14. cxd3 Bd7 15. Rc1 Qb6 16. f5 Rfc8 17. Bg5 {1-0 (41) Shankland,S (2713)-Cori,J (2686) Biel 2019}) 10. O-O-O a6 11. Bxc5 Nxc5 {White is slightly better.} 12. Qe3 Qb6 {And now ...Nb3+! would win.} 13. Nd4 Bd7 {[#]} 14. f5 $146 {[%mdl 512]} ({Predecessor:} 14. Kb1 Nxd4 15. Qxd4 Rfc8 16. f5 Qc7 17. Rc1 {1-0 (60) Van Delft,M (2402)-Polaczek,R (2440) Netherlands 2008}) 14... f6 (14... Nxd4 $14 15. Qxd4 Bc6) (14... exf5 15. Nxd5) 15. exf6 $1 $16 Rxf6 16. fxe6 (16. g4 $1 $16) 16... Bxe6 $11 17. Kb1 Bf7 18. Nb3 {[#]} d4 $1 {[%mdl 512]} 19. Nxd4 $16 Re8 20. Qg1 Rd6 ({Black should try} 20... Rf4 $1 $11 21. Nb3 Na4) 21. Be2 $14 Na5 (21... Nb4 $14 22. a3 Rxd4 {[%mdl 64] Remove Defender} 23. Qxd4 Nxc2 24. Kxc2 Rxe2+ 25. Nxe2 Bg6+ 26. Rd3 (26. Kc3 Ne4+ 27. Kd3 Qb3+ 28. Nc3 Nxc3+ 29. Kd2 Qxb2+ 30. Ke3 Nxd1+ 31. Rxd1 Qxa3+ 32. Kf2 h6 $11) 26... Bxd3+ 27. Kd1 h6) 22. Nb3 $36 {[%mdl 2048] White is really pushing.} Rxd1+ 23. Bxd1 (23. Qxd1 $16 Ncxb3 24. axb3) 23... Naxb3 (23... Nc4 $1 $11 {remains equal.}) 24. axb3 Qd6 25. Bf3 b5 26. Qd1 Qg6 27. Re1 Rxe1 28. Qxe1 Bxb3 $2 {[%mdl 8192] [#]} (28... Qd6 $16 {is tougher.} 29. Qe3 h5) 29. Ne4 $1 $18 Ba4 30. Nxc5 Qxc2+ (30... Bxc2+ $18 31. Ka2 h6) 31. Ka1 {Accuracy: White = 71%, Black = 10%.} 1-0

[Event "WJCC U20 Girls 2019"]
[Site "New Delhi"]
[Date "2019.10.18"]
[Round "5.4"]
[White "Yakubbaeva, Nilufar"]
[Black "Tsolakidou, Stavroula"]
[Result "0-1"]
[WhiteElo "2281"]
[BlackElo "2431"]
[Annotator "NA"]
[PlyCount "94"]
[EventDate "2019.10.15"]
[EventType "swiss"]
[EventCountry "IND"]
[SourceTitle "playchess.com"]
[Source "ChessBase"]
[SourceQuality "1"]
[TimeControl "40/5400+30:1800+30"]

1. e4 {[%emt 0:00:00]} c5 {[%emt 0:00:00]} 2. c3 {[%emt 0:00:00]} d5 {[%emt 0:00:08]} 3. exd5 {[%emt 0:00:00]} Qxd5 {[%emt 0:00:07]} 4. d4 {[%emt 0:00:01]} Nf6 {[%emt 0:14:13]} 5. Nf3 {[%emt 0:00:16]} e6 {[%emt 0:00:07]} 6. Be2 {[%emt 0:00:09]} cxd4 {[%emt 0:02:45]} 7. cxd4 {[%emt 0:01:13]} Be7 {[%emt 0:00:50]} 8. Nc3 {[%emt 0:00:29]} Qd6 {[%emt 0:00:22]} 9. O-O {[%emt 0:01:39]} O-O {[%emt 0:00:19]} 10. Bg5 {[%emt 0:02:06]} Nc6 {[%emt 0:17:45]} 11. Nb5 {[%emt 0:05:31]} Qd8 {[%emt 0:02:46]} 12. Ne5 {[%emt 0:01:38]} Bd7 {[%emt 0:14:10]} 13. Rc1 {[%emt 0:24:41]} Be8 {[%emt 0:04:56]} 14. Bd3 {[%emt 0:15:57]} Qb6 {[%emt 0:11:02]} 15. Rc3 {[%emt 0:03:44]} h6 {[%emt 0:09:16]} 16. Bxh6 {[%emt 0:12:52]} gxh6 {[%emt 0:04:46]} 17. Ng4 {[%emt 0:00:50]} Nb4 {[%emt 0:10:00]} 18. Nxh6+ {[%emt 0:03:35]} Kg7 {[%emt 0:00:25]} 19. Nc7 {[%emt 0:11:20]} Rd8 {[%emt 0:00:04]} 20. Bb1 {[%emt 0:01:30]} Rh8 {[%emt 0:03:30]} 21. Rg3+ {[%emt 0:01:25]} Kf8 {[%emt 0:00:04]} 22. Qc1 {[%emt 0:01:14]} Nh5 {[%emt 0:01:44]} 23. Rh3 {[%emt 0:02:35]} Rc8 {[%emt 0:00:19]} 24. Rc3 {[%emt 0:01:49]} Rd8 {[%emt 0:00:31]} 25. Rh3 {[%emt 0:00:06]} Rc8 {[%emt 0:01:46]} 26. Rc3 {[%emt 0:00:03]} Rd8 {[%emt 0:00:22]} 27. Rh3 {[%emt 0:00:05]} Nf6 {[%emt 0:00:25]} 28. Rg3 {[%emt 0:00:08]} Rxd4 {[%emt 0:00:33]} 29. Rh3 {[%emt 0:05:21]} Qc5 {[%emt 0:00:12]} 30. Nxf7 {[%emt 0:00:46]} Qxc1 {[%emt 0:00:58]} 31. Rxh8+ {[%emt 0:00:15]} Kxf7 {[%emt 0:00:20]} 32. Rxc1 {[%emt 0:00:34]} Bc6 {[%emt 0:00:18]} 33. a3 {[%emt 0:00:40]} Nbd5 {[%emt 0:00:09]} 34. Nxd5 {[%emt 0:00:23]} Bxd5 {[%emt 0:00:15]} 35. Rh3 {[%emt 0:00:20]} Rd2 {[%emt 0:00:51]} 36. b4 {[%emt 0:01:13]} Bd8 37. Rd3 {[%emt 0:01:58]} Rb2 {[%emt 0:01:37]} 38. Rdc3 {[%emt 0:00:11]} Rd2 {[%emt 0:00:31]} 39. Rd3 {[%emt 0:00:05]} Re2 {[%emt 0:00:24]} 40. Kf1 {[%emt 0:00:54]} Re5 {[%emt 0:00:37]} 41. Re3 {[%emt 0:03:09]} Rh5 {[%emt 0:06:46]} 42. Rh3 {[%emt 0:02:56]} Rxh3 {[%emt 0:01:27]} 43. gxh3 {[%emt 0:00:04]} a5 {[%emt 0:02:44]} 44. Bd3 {[%emt 0:02:15]} axb4 {[%emt 0:01:25]} 45. axb4 {[%emt 0:00:05]} Be7 {[%emt 0:05:54]} 46. b5 {[%emt 0:00:20]} Bd6 {[%emt 0:02:27]} 47. Bc4 {[%emt 0:03:08]} Be4 {[%emt 0:01:56]} 0-1

[Event "WJCC U20 Girls 2019"]
[Site "New Delhi"]
[Date "2019.10.18"]
[Round "5.5"]
[White "Diakonova, Ekaterina"]
[Black "Shuvalova, Polina"]
[Result "0-1"]
[WhiteElo "2231"]
[BlackElo "2412"]
[Annotator "NA"]
[PlyCount "230"]
[EventDate "2019.10.15"]
[EventType "swiss"]
[EventCountry "IND"]
[SourceTitle "playchess.com"]
[Source "ChessBase"]
[SourceQuality "1"]
[TimeControl "40/5400+30:1800+30"]

1. e4 {[%emt 0:00:00]} c5 {[%emt 0:00:00]} 2. Nf3 {[%emt 0:00:00]} Nc6 {[%emt 0:00:00]} 3. d4 {[%emt 0:00:00]} cxd4 {[%emt 0:00:00]} 4. Nxd4 {[%emt 0:00:00]} e5 {[%emt 0:00:04]} 5. Nb5 {[%emt 0:00:00]} d6 {[%emt 0:00:04]} 6. N1c3 {[%emt 0:00:00]} a6 {[%emt 0:00:26]} 7. Na3 {[%emt 0:00:01]} Be7 {[%emt 0:00:14]} 8. Nc4 {[%emt 0:00:31]} b5 {[%emt 0:03:52]} 9. Ne3 {[%emt 0:00:22]} Nf6 {[%emt 0:00:36]} 10. Ned5 {[%emt 0:02:31]} Be6 {[%emt 0:04:01]} 11. Be3 {[%emt 0:09:10]} O-O {[%emt 0:01:19]} 12. Be2 {[%emt 0:03:51]} Rc8 {[%emt 0:05:08]} 13. O-O {[%emt 0:05:28]} Bxd5 {[%emt 0:03:17]} 14. exd5 {[%emt 0:01:22]} Nb8 {[%emt 0:06:39]} 15. a4 {[%emt 0:20:11]} b4 {[%emt 0:00:49]} 16. Na2 {[%emt 0:00:05]} a5 {[%emt 0:10:52]} 17. c3 {[%emt 0:00:08]} bxc3 {[%emt 0:00:12]} 18. Nxc3 {[%emt 0:00:06]} Nbd7 {[%emt 0:11:30]} 19. Bb5 {[%emt 0:06:52]} h6 {[%emt 0:03:45]} 20. Qe2 {[%emt 0:05:39]} Nc5 {[%emt 0:05:33]} 21. Bc6 {[%emt 0:03:25]} Nfd7 {[%emt 0:01:14]} 22. f3 {[%emt 0:02:54]} Bg5 {[%emt 0:03:02]} 23. Bf2 {[%emt 0:00:42]} Nb8 {[%emt 0:06:45]} 24. Bb5 {[%emt 0:01:37]} f5 {[%emt 0:01:29]} 25. Ra3 {[%emt 0:06:12]} Bh4 {[%emt 0:04:48]} 26. g3 {[%emt 0:02:05]} Bf6 {[%emt 0:00:55]} 27. Rb1 {[%emt 0:00:57]} Nbd7 {[%emt 0:00:49]} 28. b4 {[%emt 0:05:25]} axb4 {[%emt 0:00:11]} 29. Rxb4 {[%emt 0:00:04]} e4 {[%emt 0:03:13]} 30. f4 {[%emt 0:04:03]} Qa5 {[%emt 0:04:14]} 31. Na2 {[%emt 0:01:40]} Kh8 {[%emt 0:03:04]} 32. Be1 {[%emt 0:02:09]} Qc7 {[%emt 0:02:24]} 33. a5 {[%emt 0:04:27]} Nd3 {[%emt 0:01:02]} 34. Bxd3 {[%emt 0:01:21]} exd3 {[%emt 0:00:08]} 35. Qxd3 {[%emt 0:00:23]} Nc5 {[%emt 0:00:14]} 36. Qd1 {[%emt 0:05:16]} Rfe8 {[%emt 0:03:31]} 37. Bf2 {[%emt 0:05:06]} Ra8 {[%emt 0:03:53]} 38. Rb5 {[%emt 0:00:09]} Ne4 {[%emt 0:00:56]} 39. Bb6 {[%emt 0:01:05]} Qd7 {[%emt 0:03:41]} 40. Rb1 {[%emt 0:03:21]} Reb8 {[%emt 0:04:21]} 41. Qd3 $11 {[%emt 0:13:03]} (41. Kg2 $14) 41... Nc5 {[%emt 0:04:38]} 42. Qc2 {[%emt 0:06:20]} Qf7 {[%emt 0:03:56]} 43. Nc3 {[%emt 0:03:37]} Bd4+ {[%emt 0:01:25]} 44. Kg2 {[%emt 0:00:59]} Bxc3 {[%emt 0:00:17]} 45. Qxc3 {[%emt 0:00:43]} Qxd5+ {[%emt 0:00:14]} 46. Qf3 {[%emt 0:00:18]} Ne4 {[%emt 0:02:53]} 47. Rd1 {[%emt 0:02:27]} Qc6 {[%emt 0:02:39]} 48. Rad3 {[%emt 0:00:43]} Rxb6 {[%emt 0:02:46]} 49. axb6 {[%emt 0:00:06]} Qxb6 {[%emt 0:01:31]} 50. R3d2 {[%emt 0:04:00]} Rc8 {[%emt 0:03:09]} 51. Qd3 {[%emt 0:02:18]} Rc3 {[%emt 0:03:39]} 52. Qd4 {[%emt 0:00:05]} Qc6 {[%emt 0:00:29]} 53. Qd5 {[%emt 0:00:27]} Nxd2 {[%emt 0:01:54]} 54. Rxd2 {[%emt 0:00:45]} g6 {[%emt 0:00:38]} 55. Qxc6 {[%emt 0:00:53]} Rxc6 {[%emt 0:00:02]} 56. Kf3 {[%emt 0:00:01]} Kg7 {[%emt 0:00:25]} 57. Ke3 {[%emt 0:00:05]} Kf6 {[%emt 0:00:43]} 58. Kd4 {[%emt 0:00:09]} Rc5 {[%emt 0:02:39]} 59. Re2 {[%emt 0:02:16]} g5 {[%emt 0:00:59]} 60. fxg5+ {[%emt 0:00:10]} hxg5 {[%emt 0:00:12]} 61. Re8 {[%emt 0:00:02]} Rc2 {[%emt 0:01:09]} 62. Rf8+ {[%emt 0:00:15]} Ke6 {[%emt 0:00:16]} 63. Rg8 {[%emt 0:00:29]} Kf6 {[%emt 0:01:42]} 64. Rf8+ {[%emt 0:00:01]} Kg6 {[%emt 0:00:38]} 65. Rh8 {[%emt 0:01:02]} Rd2+ {[%emt 0:01:26]} 66. Ke3 {[%emt 0:00:05]} Ra2 {[%emt 0:01:10]} 67. Rd8 {[%emt 0:01:34]} Ra6 {[%emt 0:02:08]} 68. Rf8 {[%emt 0:00:59]} g4 {[%emt 0:00:50]} 69. Kd4 {[%emt 0:00:53]} Ra2 {[%emt 0:00:25]} 70. Rh8 {[%emt 0:00:15]} Kg7 {[%emt 0:00:57]} 71. Rh5 {[%emt 0:00:06]} Kg6 {[%emt 0:00:18]} 72. Rh8 {[%emt 0:00:01]} Rd2+ {[%emt 0:00:29]} 73. Ke3 {[%emt 0:00:02]} Rg2 {[%emt 0:00:14]} 74. Kf4 {[%emt 0:01:10]} Rf2+ {[%emt 0:00:38]} 75. Ke3 {[%emt 0:00:01]} Rb2 {[%emt 0:00:07]} 76. Kd4 {[%emt 0:00:13]} Kg7 {[%emt 0:00:26]} 77. Rh5 {[%emt 0:00:05]} Kf6 {[%emt 0:00:04]} 78. Rh6+ {[%emt 0:00:50]} Kg5 {[%emt 0:00:04]} 79. Rh8 {[%emt 0:00:16]} Rd2+ {[%emt 0:00:29]} 80. Ke3 {[%emt 0:00:01]} Rd1 {[%emt 0:00:12]} 81. Ke2 {[%emt 0:00:47]} Ra1 {[%emt 0:00:24]} 82. Ke3 {[%emt 0:01:54]} Re1+ {[%emt 0:01:04]} 83. Kd4 {[%emt 0:00:33]} Rd1+ {[%emt 0:00:25]} 84. Ke3 {[%emt 0:00:25]} Kf6 {[%emt 0:00:09]} 85. Ke2 {[%emt 0:01:24]} Rh1 {[%emt 0:00:19]} 86. Ke3 {[%emt 0:00:00]} Rd1 {[%emt 0:00:00]} 87. Ke2 {[%emt 0:00:18]} Ra1 {[%emt 0:00:23]} 88. Ke3 {[%emt 0:00:30]} Ke5 {[%emt 0:00:30]} 89. Re8+ {[%emt 0:00:04]} Kd5 {[%emt 0:00:06]} 90. Rf8 {[%emt 0:00:13]} Ra3+ {[%emt 0:01:07]} 91. Ke2 {[%emt 0:01:40]} Ke4 {[%emt 0:00:06]} 92. Re8+ {[%emt 0:00:09]} Kd4 {[%emt 0:00:04]} 93. Rf8 {[%emt 0:00:03]} Ra2+ {[%emt 0:00:07]} 94. Ke1 {[%emt 0:01:27]} Ke4 {[%emt 0:00:17]} 95. Rh8 {[%emt 0:00:07]} d5 {[%emt 0:01:41]} 96. h3 {[%emt 0:00:15]} gxh3 {[%emt 0:02:30]} 97. Rxh3 {[%emt 0:00:04]} d4 {[%emt 0:00:27]} 98. Kd1 {[%emt 0:00:38]} Rg2 {[%emt 0:00:32]} 99. Ke1 {[%emt 0:00:21]} d3 {[%emt 0:00:22]} 100. Rh8 {[%emt 0:00:54]} Rxg3 {[%emt 0:00:38]} 101. Re8+ {[%emt 0:00:05]} Kf3 {[%emt 0:01:05]} 102. Kd2 {[%emt 0:00:04]} Kf2 {[%emt 0:00:26]} 103. Rf8 {[%emt 0:00:20]} Rf3 {[%emt 0:00:11]} 104. Rf7 {[%emt 0:00:08]} f4 {[%emt 0:00:32]} 105. Rf8 {[%emt 0:00:13]} Kg2 {[%emt 0:00:42]} 106. Rg8+ {[%emt 0:00:04]} Rg3 {[%emt 0:00:46]} 107. Rf8 {[%emt 0:00:03]} f3 {[%emt 0:00:16]} 108. Kxd3 {[%emt 0:00:04]} Rg7 {[%emt 0:00:09]} 109. Ke3 {[%emt 0:00:32]} Re7+ {[%emt 0:00:05]} 110. Kf4 {[%emt 0:00:03]} f2 {[%emt 0:01:16]} 111. Rg8+ {[%emt 0:00:05]} Kf1 {[%emt 0:00:03]} 112. Ra8 {[%emt 0:00:14]} Rf7+ {[%emt 0:00:58]} 113. Ke3 {[%emt 0:00:15]} Kg2 {[%emt 0:00:38]} 114. Rg8+ {[%emt 0:00:05]} Kh3 {[%emt 0:00:23]} 115. Rh8+ {[%emt 0:00:05]} Kg4 {[%emt 0:00:11]} 0-1

[Event "WJCC U20 Girls 2019"]
[Site "New Delhi"]
[Date "2019.10.18"]
[Round "5.6"]
[White "Vaishali R"]
[Black "Vantika Agrawal"]
[Result "1-0"]
[WhiteElo "2385"]
[BlackElo "2283"]
[Annotator "NA"]
[PlyCount "97"]
[EventDate "2019.10.15"]
[EventType "swiss"]
[EventCountry "IND"]
[SourceTitle "playchess.com"]
[Source "ChessBase"]
[SourceQuality "1"]
[TimeControl "40/5400+30:1800+30"]

1. d4 {[%emt 0:00:07]} Nf6 {[%emt 0:00:26]} 2. Bf4 {[%emt 0:00:07]} g6 {[%emt 0:01:25]} 3. Nc3 {[%emt 0:00:10]} d5 {[%emt 0:00:09]} 4. e3 {[%emt 0:00:07]} Bg7 {[%emt 0:00:04]} 5. h4 {[%emt 0:00:11]} h5 {[%emt 0:00:43]} 6. Nf3 {[%emt 0:00:12]} Bg4 {[%emt 0:05:33]} 7. Be2 {[%emt 0:01:31]} Bxf3 {[%emt 0:01:07]} 8. gxf3 {[%emt 0:04:59]} c6 {[%emt 0:11:11]} 9. e4 {[%emt 0:09:46]} e6 {[%emt 0:08:11]} 10. Qd2 {[%emt 0:03:08]} a6 {[%emt 0:09:13]} 11. O-O-O {[%emt 0:05:41]} Nbd7 {[%emt 0:08:50]} 12. Kb1 {[%emt 0:03:16]} b5 {[%emt 0:08:11]} 13. Bd3 {[%emt 0:10:31]} Nb6 {[%emt 0:02:29]} 14. Bg5 {[%emt 0:07:23]} Qc7 {[%emt 0:02:11]} 15. Ne2 {[%emt 0:07:04]} Nc4 {[%emt 0:05:59]} 16. Qe1 {[%emt 0:01:20]} Nh7 {[%emt 0:07:58]} 17. Bc1 {[%emt 0:04:28]} Qa5 {[%emt 0:10:58]} 18. Qg1 {[%emt 0:03:38]} O-O-O {[%emt 0:01:58]} 19. Qg3 {[%emt 0:17:14]} Rd7 {[%emt 0:06:29]} 20. e5 {[%emt 0:05:14]} c5 {[%emt 0:04:59]} 21. f4 {[%emt 0:02:19]} Bf8 {[%emt 0:00:43]} 22. Rhg1 {[%emt 0:09:16]} Qb6 {[%emt 0:01:00]} 23. c3 {[%emt 0:01:38]} Be7 {[%emt 0:00:37]} 24. f5 {[%emt 0:01:30]} exf5 {[%emt 0:00:33]} 25. Nf4 {[%emt 0:00:38]} cxd4 {[%emt 0:00:22]} 26. cxd4 {[%emt 0:00:34]} Nf8 {[%emt 0:00:59]} 27. Qf3 {[%emt 0:00:41]} Qc6 {[%emt 0:00:36]} 28. b3 {[%emt 0:00:25]} Na3+ {[%emt 0:00:20]} 29. Bxa3 {[%emt 0:00:23]} Bxa3 {[%emt 0:00:05]} 30. Rc1 {[%emt 0:00:13]} Bxc1 {[%emt 0:00:42]} 31. Rxc1 {[%emt 0:00:02]} Qxc1+ {[%emt 0:00:23]} 32. Kxc1 {[%emt 0:00:01]} Ne6 {[%emt 0:00:22]} 33. Nxe6 {[%emt 0:01:29]} fxe6 {[%emt 0:00:05]} 34. Qg3 {[%emt 0:00:11]} Rg8 {[%emt 0:00:45]} 35. Qg5 {[%emt 0:00:17]} Rf7 {[%emt 0:00:20]} 36. Kd2 {[%emt 0:00:38]} Kb7 {[%emt 0:00:33]} 37. Be2 {[%emt 0:00:16]} Rgg7 {[%emt 0:01:01]} 38. Qd8 {[%emt 0:00:44]} Rc7 {[%emt 0:00:14]} 39. Qe8 {[%emt 0:01:31]} Rce7 {[%emt 0:00:54]} 40. Qd8 {[%emt 0:00:18]} Rc7 {[%emt 0:00:14]} 41. Qf8 {[%emt 0:02:12]} Rce7 $18 {[%emt 0:04:21]} 42. Qf6 {[%emt 0:06:47]} Kc7 {[%emt 0:07:38]} 43. Ke3 {[%emt 0:01:11]} Kd7 {[%emt 0:01:56]} 44. Qf8 {[%emt 0:02:25]} Kc7 {[%emt 0:00:58]} 45. Qa8 {[%emt 0:00:42]} Kb6 {[%emt 0:00:37]} 46. Qb8+ {[%emt 0:00:15]} Ka5 {[%emt 0:01:27]} 47. Qd6 {[%emt 0:00:55]} Rgf7 {[%emt 0:01:27]} 48. b4+ {[%emt 0:00:19]} Ka4 {[%emt 0:00:13]} 49. Qxa6+ {[%emt 0:00:07]} 1-0